| 000 | 00578nam a22002057a 4500 | ||
|---|---|---|---|
| 003 | OSt | ||
| 005 | 20180917133222.0 | ||
| 008 | 180917b xxu||||| |||| 00| 0 eng d | ||
| 020 | _a9781420256598 | ||
| 040 | _c040a | ||
| 082 |
_a378.2 _bBRI 2011 |
||
| 100 |
_aBrick, Jean _912669 |
||
| 245 |
_aAcademic culture : _b A student's guide to studying at university / _cJean Brick |
||
| 250 | _a2nd.ed. | ||
| 260 |
_aSouth Yarra _bMacmillan publishers _c2011 |
||
| 300 |
_axvii, 261p; _bill : _c25 cm. |
||
| 504 | _aIncludes index | ||
| 650 |
_aResearch _93727 |
||
| 942 |
_2ddc _cO_SHELF |
||
| 999 |
_c6130 _d6130 |
||